Umweltbericht Wien - Bratislava

Gespeichert in:
Bibliographische Detailangaben
Format: Buch
Sprache:Deutsch
Veröffentlicht: Wien Mecca 1993
Ausgabe:1. Aufl.
Schlagworte:
Tags: Tag hinzufügen
Keine Tags, Fügen Sie das erste Tag hinzu!

MARC

LEADER 00000nam a2200000 4500
001 c004331
005 20221206075149.5
020 |a 3-901082-06-9 
041 0 |a ger 
044 |a AT 
245 1 0 |a Umweltbericht Wien - Bratislava 
250 |a 1. Aufl. 
264 1 |a Wien  |b Mecca  |c 1993 
300 |a 167 s.  |e príl. 
610 2 0 |a prostredie životné 
610 2 0 |a ochrana prostredia životného 
610 2 0 |a Viedeň 
610 2 0 |a Bratislava 
610 2 0 |a Slovensko 
610 2 0 |a Rakúsko 
610 2 0 |a ekológia 
610 2 0 |a projekty 
610 2 0 |a spolupráca hospodárska medzinárodná 
610 2 0 |a znečistenie ovzdušia 
610 2 0 |a znečistenie vôd